Úvod do studia právnického : (normativní theorie) /

Hlavní autor: Weyr, František, 1879-1951
Jazyk: Čeština
Vydáno: V Brně : Československý akademický spolek Právník, 1946
Fyzický popis: 94, [II] s. ; 8°
Knihy
Uloženo v:
LEADER 00864nam a22002292a 4500
001 000746497
003 CZ BrMZK
005 20110831211923.0
007 ta
008 041004s1946 xr er|||||||||||cze d
015 |a cnb000501197 
035 |a (OCoLC)85302683 
040 |a ABA001  |b cze  |c ABA001  |d ABA001  |d BOA001 
100 1 |a Weyr, František,  |d 1879-1951  |7 jk01151630  |4 aut 
245 1 0 |a Úvod do studia právnického :  |b (normativní theorie) /  |c František Weyr 
260 |a V Brně :  |b Československý akademický spolek Právník,  |c 1946 
300 |a 94, [II] s. ;  |c 8° 
910 |a BOA001  |b 2-0187.412  |b PK-I-0019.690 
920 |a 000739776 
990 |a BK 
996 7 |b 3119646410  |c PK-I-0019.690  |l MZK  |r Sklad / do 1 hodiny  |n 24  |w 000746497  |u 000020  |a 1  |e BOA001  |j MZK50  |s A 
996 7 |b 3119655506  |c PK-I-0019.690  |l MZK  |r Sklad / do 1 hodiny  |n 8  |w 000746497  |u 000030  |a 1  |e BOA001  |j MZK50  |s A